Introductory digital image processing : A remote sensing perspective

Bibliographic Details
Main Author: JENSEN
Format: Book
Published: Eglewood Cliffs, New Jersey, USA : Prentice-Hall , 1986
Subjects:

MARC

LEADER 00000cam a2200000 7i4500
001 0000000402
005 20000809.0
020 0 0 |a 013500828X 
090 0 0 |a 621.3678   |b JEN 1986 
100 1 0 |a JENSEN   |h John R. 
245 1 0 |a Introductory digital image processing :   |b A remote sensing perspective   |c John R. Jensen 
260 0 0 |a Eglewood Cliffs, New Jersey, USA :   |b Prentice-Hall ,   |c 1986 
300 |a xiii, 379 p. :   |b ill., maps ;   |c 30 cm. 
500 0 0 |a Includes bibliographical references and index 
650 0 0 |a Image processing   |x Digital techniques 
650 0 0 |a Remote sensing 
999 |a 0000001530   |b Monograph   |c Open Shelf   |e Default branch